| 000 | 00612ntaaa2200205 4500 | ||
|---|---|---|---|
| 003 | 01 | ||
| 005 | 20251027200703.0 | ||
| 008 | 0714s1973 ag 01 | ||
| 040 |
_aAR-BaBN _bspa _cAR-BaBN _eaacr _dRIC |
||
| 082 | _a220.2 L69 | ||
| 100 |
_aLisowsky, Gerhard _93065 |
||
| 245 |
_aKonkordanz zum Hebraischen Alten Testament / _cGerhard Lisowsky |
||
| 250 | _a1 ed. | ||
| 260 |
_aStuttgart : _bPrivileg.Württ.Bibelanstalt, _c1958 |
||
| 300 | _a1672 p | ||
| 650 | _aLengua Hebrea | ||
| 650 | _aBiblia-Antiguo Testamento-Diccionario-Hebreo | ||
| 650 | _aBiblia-Antiguo Testamento-Diccionario-Teologia | ||
| 942 | _cBK | ||
| 999 |
_c1389 _d1389 |
||